000 00286nam a22001217a 4500
020 _a9780727730985
082 _a627.
_bPUR/DE
100 _aPurcell,Patrick
_91054
245 _aDesign of Water Resources System
260 _aLondon
_bICE Publishing
_c2014
300 _a222
942 _cBK
999 _c14604
_d14604